Selfhood of Women in inter caste marriage / (Record no. 145002)

MARC details
000 -LEADER
fixed length control field 00530nam a22001697a 4500
010 ## - LCCN (DPL NO)
LC control number ENG-120424
020 ## - INTERNATIONAL STANDARD BOOK NUMBER
Terms of availability 995.00
International Standard Book Number 9789386444011
035 ## - SYSTEM CONTROL NUMBER
System control number EN-103956
037 ## - SOURCE OF ACQUISITION
Source of stock number/acquisition DBAD/PUB
082 ## - DEWEY DECIMAL CLASSIFICATION NUMBER
Classification number 301.42
100 ## - MAIN ENTRY--PERSONAL NAME
Personal name Mathther,Trupti Indrajitbhai
245 ## - TITLE STATEMENT
Title Selfhood of Women in inter caste marriage /
Statement of responsibility, etc by Trupti Indrajitbhai Mathther
260 ## - PUBLICATION, DISTRIBUTION, ETC. (IMPRINT)
Place of publication, distribution, etc Rohtak
Name of publisher, distributor, etc Shanti Prakashan
Date of publication, distribution, etc 2017
270 ## - ADDRESS
Address House No- 254,sector-4
City Rohtak
Postal code 110092
300 ## - PHYSICAL DESCRIPTION
Extent xxi,231p.
Dimensions 22cm(Hb)
942 ## - ADDED ENTRY ELEMENTS (KOHA)
Source of classification or shelving scheme Dewey Decimal Classification
Item type English Books
Classification part 301.42
Call number suffix MAT
Holdings
Withdrawn status Lost status Not for loan Collection code Home library Current library Date acquired Source of acquisition Cost, normal purchase price Full call number Barcode Copy number Cost, replacement price Koha item type
    Not For Loan Non-fiction D.B.Act.Division Bawana 19/09/2017 DBAD/PUB 995.00 301.42 MAT EN-103956 1 995.00 English Books

© Delhi Public Library
Hit Counter
free hit counter